| 000 | 00396nam a22001577a 4500 | ||
|---|---|---|---|
| 020 | _a1-40541-540-1 | ||
| 082 |
_a001 _bGAN/W |
||
| 100 | _aGANERI, ANITA | ||
| 100 | _aOLIVER, CLARE | ||
| 100 | _aROBSON, DENNY | ||
| 245 |
_aWILD WILD WORLD _bQUESTIONS AND ANSWERS |
||
| 260 |
_aUNITED KINGDOM _bPARRAGON BOOK _c2003 |
||
| 300 | _a256 | ||
| 650 |
_aGENERAL KNOWLEDGE _zUNITED KINGDOM |
||
| 942 | _cBK | ||
| 999 |
_c2214 _d2214 |
||